Estadísticas para Plantilla Levante UD Femenino 2023/24

Haz click aquí para intentar la prueba.

Estadísticas generales

  • Esta prueba ha sido intentada 3 veces
  • La puntuación promedio es 14 de 22

Estadísticas de respuestas

DorsalPosiciónJugadora% Correcto
10DELAlba Redondo
100%
26 (f)DELAixa Salvador
67%
36PORAndrea Tarazona
67%
11MEDÁngela Sosa Martín
67%
21MEDAnna Torrodá
67%
2DEFAntonia Silva
67%
14MEDDaniela Arques
67%
25POREmma Holmgren
67%
16DEFEstela Carbonell
67%
18DELGabi Nunes
67%
12MEDLeire Baños
67%
32 (f)DELLeyre Secades
67%
17DEFMaría Alharilla
67%
35DEFMaría Gabaldón
67%
1PORMaría López
67%
9DELNataša Andonova
67%
19DEFNúria Mendoza
67%
6MEDPaula Fernández
67%
20DEFPaula Tomás
67%
8DEFSilvia Lloris
67%
23MEDÉrika Lombídez
33%
4DEFMaría Méndez
33%

Distribución de puntuación

Porcentaje por número respondido

Porcentaje de gente con cada puntuación

Historial de tus puntuaciones

No has intentado esta prueba.